Normal view
MARC view
Entry Topical Term
001 - CONTROL NUMBER
- control field: 13504
003 - CONTROL NUMBER IDENTIFIER
- control field: BD-RjUL
005 - DATE AND TIME OF LATEST TRANSACTION
- control field: 20240915124814.0
008 - FIXED-LENGTH DATA ELEMENTS
- fixed length control field: 240915|| aca||aabn | a|a d
040 ## - CATALOGING SOURCE
- Original cataloging agency: BD-RjUL
- Transcribing agency: BD-RjUL
150 ## - HEADING--TOPICAL TERM
- Topical term or geographic name entry element: Hunting
- Geographic subdivision: England
670 ## - SOURCE DATA FOUND
- Source citation: Work cat.: (BD-RjUL)83993: Jefferies, Richard, 1848-1887. 12909, The gamekeeper at home ; the amateur poacher /, 1948, 1951